| 000 -LEADER |
| fixed length control field |
00943nam a2200253Ia 4500 |
| 001 - CONTROL NUMBER |
| control field |
16409 |
| 003 - CONTROL NUMBER IDENTIFIER |
| control field |
GE_BSU |
| 008 - FIXED-LENGTH DATA ELEMENTS--GENERAL INFORMATION |
| fixed length control field |
181216s||||||||xx |||||||||||||| ||und|| |
| 020 ## - INTERNATIONAL STANDARD BOOK NUMBER |
| International Standard Book Number |
9780195337570 |
| 040 ## - CATALOGING SOURCE |
| Transcribing agency |
GE_BSU |
| 080 ## - UNIVERSAL DECIMAL CLASSIFICATION NUMBER |
| Universal Decimal Classification number |
323.173+94 |
| 100 ## - MAIN ENTRY--PERSONAL NAME |
| Personal name |
Keylor, William R |
| 245 #2 - TITLE STATEMENT |
| Title |
A world of nations |
| 245 #4 - TITLE STATEMENT |
| Remainder of title |
the international order since 1945 |
| 250 ## - EDITION STATEMENT |
| Edition statement |
2nd ed. |
| 260 ## - PUBLICATION, DISTRIBUTION, ETC. |
| Place of publication, distribution, etc. |
New York |
| 260 ## - PUBLICATION, DISTRIBUTION, ETC. |
| Name of publisher, distributor, etc. |
Oxford University Press, |
| 260 ## - PUBLICATION, DISTRIBUTION, ETC. |
| Date of publication, distribution, etc. |
2009 |
| 300 ## - PHYSICAL DESCRIPTION |
| Extent |
xix, 506 p. : ill., maps ; 24 cm. |
| 653 ## - INDEX TERM--UNCONTROLLED |
| Uncontrolled term |
Now updated to address recent developments in the post-9/11 world, A World of Nations, Second Edition, provides an analytical narrative of the origins, evolution, and end of the Cold War. Much more than a simple account of the long struggle between the two superpowers, this vibrant text opens with c |
| 653 ## - INDEX TERM--UNCONTROLLED |
| Uncontrolled term |
რეგიონული კონფლიქტები |
| 942 ## - ADDED ENTRY ELEMENTS (KOHA) |
| Koha item type |
წიგნი |